| 000 | 00803nam a22001937a 4500 | ||
|---|---|---|---|
| 003 | 0 | ||
| 005 | 20250207153316.0 | ||
| 008 | 250207b xxu||||| |||| 00| 0 eng d | ||
| 050 |
_aHF 5548.4 _b.Sa27 2023 |
||
| 100 | _aSarmiento, Chyna Ezra S. | ||
| 245 |
_aInventory management information system using an intelligent model-driven decision support dashboard for a micro-business store. _cChyna Ezra S. Sarmiento |
||
| 260 |
_aLas Pinas City _bSouthville International School and Colleges _c2023 |
||
| 300 |
_axiii, 149 pages; _c28cm. |
||
| 500 | _aBachelor of Science in Information Technology | ||
| 504 | _aIncludes bibliographical references and appendices. | ||
| 650 | _aInventory Management—Software Systems. | ||
| 650 | _aDecision Support Systems—Business Applications. | ||
| 942 |
_2lcc _cTH |
||
| 999 |
_c367162 _d367162 |
||